[Event "2. Bundesliga Ost 2012/2013"]
[Site "6.+7.10., 17.+18.11., 1.12., 2.+3.2., 9.+10.3., 6.
[Date "2012.10.07"]
[Round "2"]
[Board "2"]
[White "Steiner, Adam"]
[Black "Krpelan, Wolfgang"]
[Result "1/2-1/2"]
[WhiteElo "2276"]
[BlackElo "2246"]
[PlyCount "104"]
[EventDate "2012.10.06"]
[EventType "team"]
[EventRounds "11"]
[EventCountry "AUT"]
[WhiteTeam "SK Wien-Ottakring"]
[BlackTeam "ASVOE Lackenbach"]

1. e4 c6 2. d4 Na6 3. Nc3 Nc7 4. Be3 d5 5. e5 Bf5 6. f4 h5 7. Nf3 Nh6 8. h3 e6
9. g3 Be4 10. Bg2 Bxf3 11. Qxf3 Nf5 12. Bf2 h4 13. g4 Ng3 14. Bxg3 hxg3 15.
Qxg3 Qh4 16. Kf2 Be7 17. Ne2 Kd7 18. Bf1 g6 19. Ng1 f5 20. g5 Ne8 21. Qxh4 Rxh4
22. Kg3 Rh7 23. Be2 Ng7 24. h4 Ke8 25. Rh3 Kf7 26. Bf3 Nh5+ 27. Bxh5 gxh5 28.
Kf2 Kg6 29. Rb3 Bf8 30. a4 c5 31. c3 Rc8 32. Nf3 c4 33. Rb5 Rc6 34. a5 Rhc7 35.
a6 b6 36. Ke2 Be7 37. Kd2 Rc8 38. Kc2 R8c7 39. Nd2 Rc8 40. Rc1 R6c7 41. Nf1 Bf8
42. Ne3 Rc6 43. Kb1 R8c7 44. Ka2 Rc8 45. Rc2 R8c7 46. Ka1 Rc8 47. Kb1 R8c7 48.
Ka2 Rc8 49. b3 cxb3+ 50. Kxb3 R8c7 51. Kb2 Be7 52. Kc1 Rxc3 1/2-1/2

[Event "2. Bundesliga Ost 2012/2013"]
[Site "6.+7.10., 17.+18.11., 1.12., 2.+3.2., 9.+10.3., 6.
[Date "2012.10.07"]
[Round "2"]
[Board "3"]
[White "Olle, Peter"]
[Black "Beck, Hartmuth"]
[Result "1/2-1/2"]
[WhiteElo "2201"]
[BlackElo "2295"]
[PlyCount "28"]
[EventDate "2012.10.06"]
[EventType "team"]
[EventRounds "11"]
[EventCountry "AUT"]
[WhiteTeam "ASVOE Lackenbach"]
[BlackTeam "SK Wien-Ottakring"]

1. g3 g6 2. Bg2 Bg7 3. d4 d5 4. Nf3 Nf6 5. O-O O-O 6. Bf4 c6 7. c3 Qb6 8. Qb3
Bf5 9. Qa3 Re8 10. Re1 Qa6 11. Qb3 Qb6 12. Qa3 Qa6 13. Qb3 Qb6 14. Qa3 Qa6
1/2-1/2

[Event "2. Bundesliga Ost 2012/2013"]
[Site "6.+7.10., 17.+18.11., 1.12., 2.+3.2., 9.+10.3., 6.
[Date "2012.10.07"]
[Round "2"]
[Board "4"]
[White "Ernst, Michael"]
[Black "Stranz, Richard"]
[Result "1-0"]
[WhiteElo "2214"]
[BlackElo "2178"]
[PlyCount "63"]
[EventDate "2012.10.06"]
[EventType "team"]
[EventRounds "11"]
[EventCountry "AUT"]
[WhiteTeam "SK Wien-Ottakring"]
[BlackTeam "ASVOE Lackenbach"]

1. d4 Nf6 2. c4 e5 3. dxe5 Ng4 4. Bf4 Nc6 5. Nf3 Bb4+ 6. Nbd2 Qe7 7. a3 Ngxe5
8. Nxe5 Nxe5 9. e3 Bxd2+ 10. Qxd2 d6 11. Be2 Ng6 12. Bg3 h5 13. h3 a5 14. Qd4
h4 15. Bh2 f6 16. b4 axb4 17. axb4 Rxa1+ 18. Qxa1 Ne5 19. O-O b6 20. Qd4 c5 21.
Qc3 O-O 22. Ra1 Bb7 23. bxc5 bxc5 24. Ra7 Ra8 25. Qa5 Rxa7 26. Qxa7 Qd7 27.
Bxe5 dxe5 28. Qxc5 Qd2 29. Bf1 Qc1 30. Qb5 Be4 31. c5 Bd5 32. Kh2 1-0

[Event "2. Bundesliga Ost 2012/2013"]
[Site "6.+7.10., 17.+18.11., 1.12., 2.+3.2., 9.+10.3., 6.
[Date "2012.10.07"]
[Round "2"]
[Board "5"]
[White "Galavics, Hermann"]
[Black "Plank, Franz"]
[Result "1/2-1/2"]
[WhiteElo "2062"]
[BlackElo "2198"]
[PlyCount "100"]
[EventDate "2012.10.06"]
[EventType "team"]
[EventRounds "11"]
[EventCountry "AUT"]
[WhiteTeam "ASVOE Lackenbach"]
[BlackTeam "SK Wien-Ottakring"]

1. d4 d5 2. c4 e6 3. Nc3 c6 4. Nf3 dxc4 5. a4 Bb4 6. g3 Nf6 7. Bg2 Nbd7 8. O-O
Qa5 9. Na2 Bd6 10. Nd2 Nb6 11. Qc2 e5 12. dxe5 Qxe5 13. Nxc4 Nxc4 14. Qxc4 O-O
15. Bf4 Qe7 16. Bxd6 Qxd6 17. Rad1 Be6 18. Rxd6 Bxc4 19. Nc3 Rfd8 20. Rfd1 Rxd6
21. Rxd6 Be6 22. a5 a6 23. Na4 Nd7 24. b4 Kf8 25. Nc5 Nxc5 26. bxc5 Ke7 27. f4
f6 28. Kf2 h6 29. e3 Rg8 30. Bf1 Rh8 31. Rd4 Rf8 32. Rb4 Bc8 33. Rd4 Be6 34.
Rb4 Bc8 35. Bg2 Rd8 36. Rd4 Bd7 37. Bf1 Rf8 38. Bc4 Bf5 39. Be2 Bd7 40. Rb4 Bc8
41. Rd4 Bf5 42. Bh5 Rh8 43. e4 Be6 44. Bg6 Rc8 45. Rd6 Rf8 46. Ke3 Rh8 47. Rd4
Rc8 48. Rd6 Rf8 49. Kd4 Bc8 50. h4 Bd7 1/2-1/2

[Event "2. Bundesliga Ost 2012/2013"]
[Site "6.+7.10., 17.+18.11., 1.12., 2.+3.2., 9.+10.3., 6.
[Date "2012.10.07"]
[Round "2"]
[Board "6"]
[White "Dragnev, Valentin"]
[Black "Reitgruber, Dietmar"]
[Result "0-1"]
[WhiteElo "1890"]
[BlackElo "1945"]
[PlyCount "48"]
[EventDate "2012.10.06"]
[EventType "team"]
[EventRounds "11"]
[EventCountry "AUT"]
[WhiteTeam "SK Wien-Ottakring"]
[BlackTeam "ASVOE Lackenbach"]

1. e4 g6 2. d4 Bg7 3. Nc3 c5 4. Nf3 cxd4 5. Nxd4 Nc6 6. Be3 d6 7. Qd2 Bd7 8.
Bc4 Rc8 9. Bb3 Nf6 10. f3 O-O 11. h4 Na5 12. h5 Nc4 13. Bxc4 Rxc4 14. O-O-O Qa5
15. Nde2 Nxh5 16. g4 Ng3 17. Nxg3 Rxc3 18. Bd4 Bxd4 19. Qxd4 Rxf3 20. Rxh7 Qg5+
21. Kb1 e5 22. Qg1 Kxh7 23. Qh1+ Kg8 24. Qxf3 Bxg4 0-1

[Event "2. Bundesliga Ost 2012/2013"]
[Site "6.+7.10., 17.+18.11., 1.12., 2.+3.2., 9.+10.3., 6.
[Date "2012.11.17"]
[Round "3"]
[Board "1"]
[White "Banusz, Tamas"]
[Black "Papp, Gabor"]
[Result "1/2-1/2"]
[WhiteElo "2580"]
[BlackElo "2571"]
[PlyCount "61"]
[EventDate "2012.10.06"]
[EventType "team"]
[EventRounds "11"]
[EventCountry "AUT"]
[WhiteTeam "SK Wien-Ottakring"]
[BlackTeam "ASVOE Mattersburg"]

1. c4 Nf6 2. d4 e6 3. Nc3 Bb4 4. e3 O-O 5. Bd3 c5 6. Nf3 d5 7. O-O Nc6 8. a3
Ba5 9. h3 dxc4 10. Bxc4 h6 11. Qd3 cxd4 12. exd4 Bc7 13. Rd1 b6 14. d5 exd5 15.
Nxd5 Be6 16. Nxc7 Bxc4 17. Qc2 Qxc7 18. Qxc4 Rac8 19. Bf4 Qb7 20. Qf1 Rfd8 21.
Rac1 b5 22. Rxd8+ Rxd8 23. Qe2 a6 24. Qc2 Rc8 25. Qe2 Qe7 26. Qxe7 Nxe7 27.
Rxc8+ Nxc8 28. Kf1 Nd5 29. Be5 f6 30. Bd4 Kf7 31. g3 1/2-1/2

[Event "2. Bundesliga Ost 2012/2013"]
[Site "6.+7.10., 17.+18.11., 1.12., 2.+3.2., 9.+10.3., 6.
[Date "2012.11.17"]
[Round "3"]
[Board "2"]
[White "Fodor, Tamas"]
[Black "Menezes, Christoph"]
[Result "1-0"]
[WhiteElo "2503"]
[BlackElo "2303"]
[PlyCount "63"]
[EventDate "2012.10.06"]
[EventType "team"]
[EventRounds "11"]
[EventCountry "AUT"]
[WhiteTeam "ASVOE Mattersburg"]
[BlackTeam "SK Wien-Ottakring"]

1. d4 Nf6 2. c4 e6 3. Nc3 Bb4 4. Qc2 O-O 5. e4 d6 6. e5 Nfd7 7. Nf3 f5 8. exf6
Nxf6 9. Bd3 e5 10. dxe5 dxe5 11. O-O Bxc3 12. bxc3 Nc6 13. Ba3 Re8 14. Ng5 e4
15. Nxe4 Nxe4 16. Bxe4 Qh4 17. Rae1 Be6 18. Re3 Rad8 19. Rfe1 Ne5 20. Bf5 Bxf5
21. Qxf5 g6 22. Qc2 Qg4 23. Kh1 Kf7 24. h3 Qf4 25. Qe2 Nd3 26. Re7+ Kf6 27.
Rxe8 Rxe8 28. Be7+ Kf7 29. Qe6+ Kg7 30. Re3 Qxf2 31. Bf6+ Qxf6 32. Qxf6+ 1-0

[Event "2. Bundesliga Ost 2012/2013"]
[Site "6.+7.10., 17.+18.11., 1.12., 2.+3.2., 9.+10.3., 6.
[Date "2012.11.17"]
[Round "3"]
[Board "3"]
[White "Beck, Hartmuth"]
[Black "Certek, Pavel"]
[Result "1/2-1/2"]
[WhiteElo "2295"]
[BlackElo "2315"]
[PlyCount "43"]
[EventDate "2012.10.06"]
[EventType "team"]
[EventRounds "11"]
[EventCountry "AUT"]
[WhiteTeam "SK Wien-Ottakring"]
[BlackTeam "ASVOE Mattersburg"]

1. d4 Nf6 2. c4 g6 3. Nc3 d5 4. cxd5 Nxd5 5. e4 Nxc3 6. bxc3 Bg7 7. Bc4 c5 8.
Ne2 Nc6 9. Be3 cxd4 10. cxd4 Qa5+ 11. Qd2 Qxd2+ 12. Kxd2 O-O 13. Rhd1 Bd7 14.
Rac1 Rfc8 15. Ke1 Na5 16. Bd3 e6 17. Bd2 Nc6 18. Bc3 Rc7 19. Ba5 Rcc8 20. Bc3
Rc7 21. Ba5 Rcc8 22. Bc3 1/2-1/2

[Event "2. Bundesliga Ost 2012/2013"]
[Site "6.+7.10., 17.+18.11., 1.12., 2.+3.2., 9.+10.3., 6.
[Date "2012.11.17"]
[Round "3"]
[Board "4"]
[White "Brod, Manfred"]
[Black "Ernst, Michael"]
[Result "1-0"]
[WhiteElo "2234"]
[BlackElo "2214"]
[PlyCount "86"]
[EventDate "2012.10.06"]
[EventType "team"]
[EventRounds "11"]
[EventCountry "AUT"]
[WhiteTeam "ASVOE Mattersburg"]
[BlackTeam "SK Wien-Ottakring"]

1. e4 e6 2. d4 d5 3. Nc3 Bb4 4. e5 b6 5. a3 Bf8 6. Bb5+ c6 7. Ba4 Bd7 8. Nce2
c5 9. Bb3 Bb5 10. c3 Nc6 11. f4 g6 12. Nf3 Nge7 13. Be3 Nf5 14. Bf2 Na5 15. Bc2
Nc4 16. Qc1 Be7 17. g4 Nh4 18. Nxh4 Bxh4 19. Ng3 Rc8 20. a4 Ba6 21. Bd3 Bb7 22.
Qc2 f5 23. gxf5 exf5 24. O-O-O O-O 25. dxc5 b5 26. b3 Qa5 27. bxc4 dxc4 28. Be2
Bxh1 29. Rxh1 Rfd8 30. Bd4 Be7 31. Nxf5 Bxc5 32. Rg1 Bxd4 33. Nxd4 b4 34. Rxg6+
hxg6 35. Qxg6+ Kh8 36. Qh6+ Kg8 37. Qg6+ Kh8 38. Ne6 Rd7 39. Qf6+ Kg8 40. Qg6+
Kh8 41. Bxc4 Rg8 42. Qh6+ Rh7 43. Qf6+ Rhg7 1-0

[Event "2. Bundesliga Ost 2012/2013"]
[Site "6.+7.10., 17.+18.11., 1.12., 2.+3.2., 9.+10.3., 6.
[Date "2012.11.17"]
[Round "3"]
[Board "5"]
[White "Gstach, Jakob"]
[Black "Wiedner, Robert"]
[Result "1/2-1/2"]
[WhiteElo "2120"]
[BlackElo "2133"]
[PlyCount "135"]
[EventDate "2012.10.06"]
[EventType "team"]
[EventRounds "11"]
[EventCountry "AUT"]
[WhiteTeam "SK Wien-Ottakring"]
[BlackTeam "ASVOE Mattersburg"]

1. c4 Nf6 2. g3 e6 3. Bg2 d5 4. Nf3 Be7 5. O-O O-O 6. b3 c5 7. Bb2 Nc6 8. e3 b6
9. Nc3 Ba6 10. Qe2 Rc8 11. d3 Ne8 12. Rac1 Bf6 13. Rfd1 g6 14. Qc2 d4 15. exd4
Nxd4 16. Nxd4 Bxd4 17. Ne2 Bxb2 18. Qxb2 Rc7 19. d4 Rd7 20. Rd2 e5 21. d5 Qe7
22. f4 exf4 23. Nxf4 Nd6 24. Re2 Qd8 25. Rce1 b5 26. cxb5 Bxb5 27. Re5 c4 28.
bxc4 Bxc4 29. Qd2 Rb7 30. Qd4 Bxa2 31. Ra1 Bc4 32. h4 Qb6 33. Qxb6 axb6 34. h5
Kg7 35. g4 g5 36. Nh3 h6 37. Nf2 Rd8 38. Ne4 Nxe4 39. Bxe4 b5 40. Rc1 Ra7 41.
Kf2 f6 42. Rf5 Re7 43. Bg2 Bd3 44. Rf3 Re2+ 45. Kg3 Be4 46. Rc7+ Kg8 47. Rf2
Rxf2 48. Bxe4 Rd2 49. Kf3 R2xd5 50. Bxd5+ Rxd5 51. Ke4 Re5+ 52. Kd4 Re1 53. Kd5
Re5+ 54. Kd6 Re4 55. Rb7 b4 56. Rb8+ Kg7 57. Rb7+ Kf8 58. Rb8+ Re8 59. Rxb4 f5
60. gxf5 Kf7 61. Rb7+ Kf6 62. Rh7 Rd8+ 63. Kc5 Ke5 64. Rxh6 Rc8+ 65. Rc6 Rxc6+
66. Kxc6 Kxf5 67. Kd5 g4 68. h6 1/2-1/2

[Event "2. Bundesliga Ost 2012/2013"]
[Site "6.+7.10., 17.+18.11., 1.12., 2.+3.2., 9.+10.3., 6.
[Date "2012.11.17"]
[Round "3"]
[Board "6"]
[White "Salamon, Werner"]
[Black "Plank, Franz"]
[Result "0-1"]
[WhiteElo "2133"]
[BlackElo "2198"]
[PlyCount "88"]
[EventDate "2012.10.06"]
[EventType "team"]
[EventRounds "11"]
[EventCountry "AUT"]
[WhiteTeam "ASVOE Mattersburg"]
[BlackTeam "SK Wien-Ottakring"]

1. e4 d5 2. exd5 Qxd5 3. Nc3 Qa5 4. d4 Nf6 5. Nf3 c6 6. Bc4 Bf5 7. Bd2 e6 8.
Qe2 Bb4 9. Ne5 Nbd7 10. Nxd7 Kxd7 11. a3 Nd5 12. Bxd5 cxd5 13. O-O Be7 14. Rac1
Qa6 15. Qf3 Qc6 16. Ne2 Rhc8 17. Ng3 Bg6 18. Rfe1 Ke8 19. Qg4 Qa4 20. Bc3 Kf8
21. h4 Bxc2 22. Qe2 Bb3 23. h5 Bg5 24. Bd2 Bxd2 25. Qxd2 h6 26. Rc3 Rxc3 27.
Qxc3 Qc4 28. Qd2 Rc8 29. Ne2 Qb5 30. Nc3 Qb6 31. Qf4 Bc2 32. Re3 Qc7 33. Qf3
Qd7 34. g4 Kg8 35. g5 hxg5 36. h6 f6 37. hxg7 Kxg7 38. Qe2 Bf5 39. Qf3 Rh8 40.
Qg2 Qd6 41. Rf3 Rh4 42. Kf1 Rxd4 43. Nb5 Qa6 44. Rb3 Bd3+ 0-1

[Event "2. Bundesliga Ost 2012/2013"]
[Site "6.+7.10., 17.+18.11., 1.12., 2.+3.2., 9.+10.3., 6.
[Date "2012.11.17"]
[Round "3"]
[Board "1"]
[White "Videki, Sandor"]
[Black "Hagara, Eduard"]
[Result "1-0"]
[WhiteElo "2429"]
[BlackElo "2410"]
[PlyCount "93"]
[EventDate "2012.10.06"]
[EventType "team"]
[EventRounds "11"]
[EventCountry "AUT"]
[WhiteTeam "Spg Data Technology Eichgraben/P."]
[BlackTeam "ASVOE Lackenbach"]

1. c4 e5 2. g3 Nc6 3. Nc3 g6 4. Bg2 Bg7 5. d3 d6 6. Nf3 Nge7 7. O-O O-O 8. Rb1
a5 9. a3 h6 10. b4 axb4 11. axb4 Be6 12. b5 Nb8 13. Qb3 Nd7 14. Ba3 f5 15. Nd2
Ra7 16. Bb4 b6 17. Ra1 Nc5 18. Qc2 Rxa1 19. Rxa1 f4 20. Ra7 Qd7 21. Qa2 Nc8 22.
Ra8 Qf7 23. Bxc5 dxc5 24. Nde4 Kh7 25. Bf3 g5 26. g4 Qd7 27. h3 Kg6 28. Qc2 h5
29. d4 Kh6 30. d5 Bf7 31. Kg2 Bg6 32. Qa2 Bf6 33. Qa1 Be7 34. Qh1 Rh8 35. Kf1
Kg7 36. Qg2 hxg4 37. Bxg4 Bf5 38. f3 Kg6 39. Kf2 Rh4 40. Ke1 Bd8 41. Nd1 Be7
42. Ndf2 Rh8 43. Nd3 Bf6 44. Nxg5 Bxg4 45. Ne6 Rh4 46. fxg4 Nd6 47. Nf8+ 1-0

[Event "2. Bundesliga Ost 2012/2013"]
[Site "6.+7.10., 17.+18.11., 1.12., 2.+3.2., 9.+10.3., 6.
[Date "2012.11.17"]
[Round "3"]
[Board "2"]
[White "Vass, Frantisek"]
[Black "Ganaus, Hannes"]
[Result "1-0"]
[WhiteElo "2292"]
[BlackElo "2331"]
[PlyCount "113"]
[EventDate "2012.10.06"]
[EventType "team"]
[EventRounds "11"]
[EventCountry "AUT"]
[WhiteTeam "ASVOE Lackenbach"]
[BlackTeam "Spg Data Technology Eichgraben/P."]

1. d4 d5 2. Nf3 Nf6 3. c4 c6 4. Nc3 a6 5. cxd5 cxd5 6. g3 Nc6 7. Bg2 Bf5 8. O-O
e6 9. Nh4 Bg6 10. Nxg6 hxg6 11. e4 dxe4 12. Nxe4 Be7 13. Nxf6+ Bxf6 14. d5 exd5
15. Re1+ Kf8 16. Bxd5 Rh5 17. Bg2 Qxd1 18. Rxd1 Rb5 19. Rb1 Rd8 20. Rxd8+ Nxd8
21. b3 Re5 22. Be3 Bg5 23. Bb6 Rb5 24. Bd4 Ne6 25. a4 Rf5 26. Bc3 Be7 27. Bxb7
Nc5 28. Bg2 Bf6 29. Bxf6 Rxf6 30. Bd5 Nd3 31. Bc4 Ne5 32. Be2 g5 33. h3 Nf3+
34. Kg2 Nd4 35. Bc4 a5 36. Re1 Rf5 37. Rd1 Ne6 38. Rd7 g6 39. Bxe6 fxe6 40. Rb7
Ke8 41. g4 Rd5 42. Rg7 Kf8 43. Rxg6 Kf7 44. Rh6 Rd3 45. Rh7+ Kf6 46. Rb7 Ke5
47. Rb5+ Kf4 48. Rxa5 Rxb3 49. Ra8 Ra3 50. a5 e5 51. a6 Ra2 52. a7 Ke4 53. h4
gxh4 54. g5 Ra3 55. g6 Ra6 56. Kh3 Ra1 57. Kxh4 1-0

[Event "2. Bundesliga Ost 2012/2013"]
[Site "6.+7.10., 17.+18.11., 1.12., 2.+3.2., 9.+10.3., 6.
[Date "2012.11.17"]
[Round "3"]
[Board "3"]
[White "Neumeier, Klaus"]
[Black "Krpelan, Wolfgang"]
[Result "1/2-1/2"]
[WhiteElo "2255"]
[BlackElo "2246"]
[PlyCount "74"]
[EventDate "2012.10.06"]
[EventType "team"]
[EventRounds "11"]
[EventCountry "AUT"]
[WhiteTeam "Spg Data Technology Eichgraben/P."]
[BlackTeam "ASVOE Lackenbach"]

1. d4 d5 2. c4 c6 3. Nf3 Nf6 4. e3 g6 5. Nc3 Bg7 6. Be2 O-O 7. O-O Bg4 8. Qb3
Qb6 9. h3 Bxf3 10. Bxf3 e6 11. Rd1 Nbd7 12. Bd2 Rfd8 13. Be1 Bf8 14. e4 Qxb3
15. axb3 dxe4 16. Nxe4 Nxe4 17. Bxe4 Nf6 18. Bf3 a6 19. Bc3 Be7 20. b4 Rab8 21.
g3 h5 22. Kg2 Rd7 23. Rd2 Rbd8 24. Rad1 Kf8 25. Kf1 Ne8 26. d5 cxd5 27. cxd5
Bg5 28. Rd3 Bf6 29. Ke2 Bxc3 30. bxc3 exd5 31. Rxd5 Rxd5 32. Rxd5 Rxd5 33. Bxd5
b6 34. c4 Nc7 35. Bb7 Ke7 36. c5 bxc5 37. bxc5 Ne6 1/2-1/2

[Event "2. Bundesliga Ost 2012/2013"]
[Site "6.+7.10., 17.+18.11., 1.12., 2.+3.2., 9.+10.3., 6.
[Date "2012.11.17"]
[Round "3"]
[Board "4"]
[White "Stranz, Richard"]
[Black "Weissenbeck, Manuel"]
[Result "1/2-1/2"]
[WhiteElo "2178"]
[BlackElo "2238"]
[PlyCount "31"]
[EventDate "2012.10.06"]
[EventType "team"]
[EventRounds "11"]
[EventCountry "AUT"]
[WhiteTeam "ASVOE Lackenbach"]
[BlackTeam "Spg Data Technology Eichgraben/P."]

1. e4 c5 2. Nc3 Nc6 3. Bb5 Nd4 4. Bc4 g6 5. Nf3 Bg7 6. Nxd4 cxd4 7. Qf3 e6 8.
Nb5 d6 9. Qg3 Ke7 10. c3 dxc3 11. dxc3 a6 12. Nd4 Qc7 13. Bd3 Nf6 14. h4 e5 15.
Nc2 Kf8 16. f3 1/2-1/2

[Event "2. Bundesliga Ost 2012/2013"]
[Site "6.+7.10., 17.+18.11., 1.12., 2.+3.2., 9.+10.3., 6.
[Date "2012.11.17"]
[Round "3"]
[Board "5"]
[White "Hechl, Gerald"]
[Black "Galavics, Hermann"]
[Result "1-0"]
[WhiteElo "2220"]
[BlackElo "2062"]
[PlyCount "53"]
[EventDate "2012.10.06"]
[EventType "team"]
[EventRounds "11"]
[EventCountry "AUT"]
[WhiteTeam "Spg Data Technology Eichgraben/P."]
[BlackTeam "ASVOE Lackenbach"]

1. c4 c6 2. e4 d5 3. exd5 cxd5 4. cxd5 Nf6 5. Qa4+ Bd7 6. Qb3 Qc7 7. Nc3 g6 8.
d4 Bg7 9. Bd3 O-O 10. Nge2 b6 11. Bf4 Qb7 12. O-O a5 13. Rac1 Na6 14. d6 e6 15.
a3 Bc6 16. f3 Rfd8 17. Rfd1 Ne8 18. Ne4 Bf8 19. Rxc6 Qxc6 20. Bb5 Qb7 21. Rc1
Nxd6 22. Bc6 Qa7 23. Bxa8 Qxa8 24. Bxd6 Bxd6 25. Qxb6 Bf8 26. Rc6 Nb8 27. Qxd8
1-0

[Event "2. Bundesliga Ost 2012/2013"]
[Site "6.+7.10., 17.+18.11., 1.12., 2.+3.2., 9.+10.3., 6.
[Date "2012.11.17"]
[Round "3"]
[Board "6"]
[White "Wurdits, Robert"]
[Black "Mayr, Thomas"]
[Result "1/2-1/2"]
[WhiteElo "2053"]
[BlackElo "2125"]
[PlyCount "74"]
[EventDate "2012.10.06"]
[EventType "team"]
[EventRounds "11"]
[EventCountry "AUT"]
[WhiteTeam "ASVOE Lackenbach"]
[BlackTeam "Spg Data Technology Eichgraben/P."]

1. e4 e5 2. c4 c5 3. Nc3 Nc6 4. Nf3 g6 5. d3 Bg7 6. Be2 Nge7 7. g4 d6 8. h3 a6
9. Bd2 Rb8 10. a4 Bd7 11. Nd5 Nxd5 12. exd5 Nb4 13. Ng5 f5 14. Ne6 Bxe6 15.
dxe6 O-O 16. Bxb4 cxb4 17. gxf5 Rxf5 18. Bg4 Rf4 19. Qb3 h5 20. Be2 Qe7 21.
Qxb4 Qxe6 22. Qb6 Bh6 23. c5 Rf6 24. Qxd6 Qxd6 25. cxd6 Rxd6 26. Rg1 Kf7 27.
Rg3 Bf4 28. Rg1 Rb6 29. Rb1 Rb4 30. b3 a5 31. Bf3 b5 32. Bd5+ Kf6 33. axb5
R4xb5 34. Bc4 Rb4 35. Ra1 a4 36. bxa4 Ra8 37. a5 Rxa5 1/2-1/2

[Event "2. Bundesliga Ost 2012/2013"]
[Site "6.+7.10., 17.+18.11., 1.12., 2.+3.2., 9.+10.3., 6.
[Date "2012.11.17"]
[Round "3"]
[Board "1"]
[White "Sommerbauer, Norbert"]
[Black "Cvek, Robert"]
[Result "0-1"]
[WhiteElo "2444"]
[BlackElo "2540"]
[PlyCount "68"]
[EventDate "2012.10.06"]
[EventType "team"]
[EventRounds "11"]
[EventCountry "AUT"]
[WhiteTeam "Raiffeisen Waehring"]
[BlackTeam "ASVOE Pamhagen"]

1. Nf3 c5 2. c4 Nc6 3. Nc3 g6 4. e3 Bg7 5. d4 d6 6. Be2 Nf6 7. O-O O-O 8. d5
Na5 9. e4 Bg4 10. Nd2 Bxe2 11. Qxe2 Nd7 12. f4 e6 13. Nb3 Nxb3 14. axb3 exd5
15. Nxd5 Re8 16. f5 Nb6 17. f6 Bf8 18. Qf3 Nxd5 19. exd5 Re5 20. g4 b5 21. Bf4
Re8 22. g5 Qd7 23. Ra6 Rab8 24. Rf2 bxc4 25. bxc4 Re1+ 26. Kg2 Rb1 27. Ra2 Re8
28. Bd2 Qb7 29. Qa3 Re4 30. Qd3 Rg4+ 31. Kf3 Rgg1 32. Ke2 Rxb2 33. Rxb2 Qxb2
34. Rf1 Rxg5 0-1

[Event "2. Bundesliga Ost 2012/2013"]
[Site "6.+7.10., 17.+18.11., 1.12., 2.+3.2., 9.+10.3., 6.
[Date "2012.11.17"]
[Round "3"]
[Board "2"]
[White "Lipka, Juraj"]
[Black "Lendwai, Reinhard"]
[Result "1/2-1/2"]
[WhiteElo "2441"]
[BlackElo "2379"]
[PlyCount "59"]
[EventDate "2012.10.06"]
[EventType "team"]
[EventRounds "11"]
[EventCountry "AUT"]
[WhiteTeam "ASVOE Pamhagen"]
[BlackTeam "Raiffeisen Waehring"]

1. Nf3 d5 2. d4 Nf6 3. c4 c6 4. e3 g6 5. Nc3 Bg7 6. Be2 O-O 7. O-O a6 8. b3 b5
9. Bb2 Bg4 10. Rc1 e6 11. h3 Bxf3 12. Bxf3 Nbd7 13. cxd5 cxd5 14. a4 b4 15. Na2
a5 16. Rc6 Ne4 17. Bxe4 dxe4 18. Qc2 Qh4 19. g3 Qxh3 20. Qxe4 Nf6 21. Qg2 Qf5
22. Rc5 Qd3 23. Nc1 Qa6 24. Rc6 Qb7 25. Nd3 Rac8 26. Rxc8 Qxg2+ 27. Kxg2 Rxc8
28. Rc1 Rxc1 29. Bxc1 Nd7 30. Nb2 1/2-1/2

[Event "2. Bundesliga Ost 2012/2013"]
[Site "6.+7.10., 17.+18.11., 1.12., 2.+3.2., 9.+10.3., 6.
[Date "2012.11.17"]
[Round "3"]
[Board "3"]
[White "Kirschner, Alexander"]
[Black "Maslik, Miroslav"]
[Result "1-0"]
[WhiteElo "2281"]
[BlackElo "2376"]
[PlyCount "83"]
[EventDate "2012.10.06"]
[EventType "team"]
[EventRounds "11"]
[EventCountry "AUT"]
[WhiteTeam "Raiffeisen Waehring"]
[BlackTeam "ASVOE Pamhagen"]

1. c4 Nf6 2. Nc3 d5 3. cxd5 Nxd5 4. g3 g6 5. Bg2 Nb6 6. d3 Bg7 7. Be3 O-O 8.
Qd2 Nc6 9. Rc1 Be6 10. h4 h5 11. Nh3 Nd5 12. Bh6 f6 13. Ne4 Bf7 14. Bxg7 Kxg7
15. Nc5 b6 16. Na6 Qd6 17. Nf4 Rad8 18. O-O Ncb4 19. Nxb4 Nxb4 20. a3 Na6 21.
Rc6 Qe5 22. Rfc1 Rd6 23. b4 Rfd8 24. Bf3 Rxc6 25. Rxc6 Rd6 26. Qc1 Rxc6 27.
Qxc6 Qa1+ 28. Kg2 Qxa3 29. b5 Nb8 30. Qxc7 Qd6 31. Qxa7 Nd7 32. Bc6 Ne5 33.
Qxb6 g5 34. hxg5 fxg5 35. Nh3 Bd5+ 36. f3 Nxc6 37. bxc6 h4 38. Qd4+ Kg6 39. Qg4
Qe5 40. e4 Be6 41. Nf4+ Qxf4 42. gxf4 1-0

[Event "2. Bundesliga Ost 2012/2013"]
[Site "6.+7.10., 17.+18.11., 1.12., 2.+3.2., 9.+10.3., 6.
[Date "2012.11.17"]
[Round "3"]
[Board "4"]
[White "Hangweyrer, Manfred"]
[Black "Todor, Razvan"]
[Result "1-0"]
[WhiteElo "2367"]
[BlackElo "2202"]
[PlyCount "37"]
[EventDate "2012.10.06"]
[EventType "team"]
[EventRounds "11"]
[EventCountry "AUT"]
[WhiteTeam "ASVOE Pamhagen"]
[BlackTeam "Raiffeisen Waehring"]

1. Nf3 Nc6 2. e4 e5 3. Bc4 Bc5 4. O-O Nf6 5. d3 O-O 6. Bb3 h6 7. h3 d5 8. exd5
Nxd5 9. Nxe5 Bxf2+ 10. Rxf2 Nxe5 11. Qh5 f5 12. Nc3 c6 13. Bf4 Nf7 14. Nxd5
cxd5 15. Re1 Qa5 16. c3 Bd7 17. Re7 Rad8 18. Qg6 Qc5 19. Bxh6 1-0

[Event "2. Bundesliga Ost 2012/2013"]
[Site "6.+7.10., 17.+18.11., 1.12., 2.+3.2., 9.+10.3., 6.
[Date "2012.11.17"]
[Round "3"]
[Board "5"]
[White "Lovrinovic, Christian"]
[Black "Bezuch, Martin"]
[Result "1-0"]
[WhiteElo "2139"]
[BlackElo "2291"]
[PlyCount "73"]
[EventDate "2012.10.06"]
[EventType "team"]
[EventRounds "11"]
[EventCountry "AUT"]
[WhiteTeam "Raiffeisen Waehring"]
[BlackTeam "ASVOE Pamhagen"]

1. d4 g6 2. c4 Bg7 3. Nf3 d6 4. Nc3 Nd7 5. g3 Ngf6 6. Bg2 O-O 7. O-O e5 8. h3
c6 9. Bg5 h6 10. Be3 Re8 11. Qd2 Kh7 12. dxe5 dxe5 13. Rfd1 Qe7 14. Rab1 Nb6
15. b3 Bf5 16. Rbc1 Rad8 17. Qe1 Kg8 18. Nh4 Bc8 19. Nf3 Bf5 20. Nh4 Bc8 21.
Nf3 g5 22. Nh2 Bf5 23. Nf1 Bf8 24. Rxd8 Rxd8 25. Rd1 Rxd1 26. Qxd1 Qb4 27. Qd2
Kg7 28. h4 gxh4 29. Bxh6+ Kh7 30. Bxf8 Qxf8 31. Qg5 Bg6 32. Qxf6 hxg3 33. Nxg3
Nd7 34. Qh4+ Kg8 35. Be4 Kg7 36. Qg5 Qh8 37. Bxg6 1-0

[Event "2. Bundesliga Ost 2012/2013"]
[Site "6.+7.10., 17.+18.11., 1.12., 2.+3.2., 9.+10.3., 6.
[Date "2012.11.17"]
[Round "3"]
[Board "6"]
[White "Kuthan, Andreas"]
[Black "Bozinovic, Boban"]
[Result "1-0"]
[WhiteElo "2219"]
[BlackElo "2049"]
[PlyCount "95"]
[EventDate "2012.10.06"]
[EventType "team"]
[EventRounds "11"]
[EventCountry "AUT"]
[WhiteTeam "ASVOE Pamhagen"]
[BlackTeam "Raiffeisen Waehring"]

1. d4 Nf6 2. Nf3 c5 3. d5 b5 4. c4 bxc4 5. Nc3 g6 6. e4 d6 7. Bxc4 Bg7 8. O-O
O-O 9. e5 Nfd7 10. exd6 exd6 11. Bg5 f6 12. Bf4 Ne5 13. Nxe5 fxe5 14. Be3 Ba6
15. Bxa6 Nxa6 16. Ne4 Qd7 17. h4 Nc7 18. Qe2 Rab8 19. a3 Kh8 20. Rfd1 Rb3 21.
Rab1 Rfb8 22. h5 R8b6 23. hxg6 hxg6 24. Ng3 Nb5 25. Qc2 Rxe3 26. fxe3 Qg4 27.
Ne4 Bh6 28. Qd3 Nc7 29. Nf2 Qg3 30. Re1 Ne8 31. Ne4 Qh4 32. b4 cxb4 33. Nf2 Nf6
34. axb4 Kh7 35. Ra1 Rb7 36. b5 Rf7 37. Rf1 e4 38. Qd4 Bg7 39. Rxa7 Rxa7 40.
Qxa7 Nh5 41. Qd7 Ng3 42. Re1 Nf5 43. b6 Kh6 44. b7 Be5 45. Qxf5 gxf5 46. b8=Q
f4 47. Qf8+ Kh7 48. Qf5+ 1-0